| 000 | 01588nas a2200277Ia 4500 | ||
|---|---|---|---|
| 001 | R262-R5727 | ||
| 003 | IT-CnALBA | ||
| 008 | 170116c99999999xx |||||||||||| ||und|| | ||
| 040 |
_aIT-CnALBA _cIT-CnALBA |
||
| 041 | _aPOLIGLOTTA | ||
| 100 | _aPIO XII, PAPA PACELLI EUGENIO. | ||
| 210 | _aPEREFICE MUNUS | ||
| 222 | _aPEREFICE MUNUS | ||
| 245 | 0 | _aPERFICE MUNUS! RASSEGNA DI FORMAZIONE E VITA PASTORALE. APRILE 1956. | |
| 250 | _a1a ed. | ||
| 260 |
_aTORINO _bLICE. ROBERTO BERRUTI & C. _c1956 [1° Ed.:1956 - Ed.Ling.Originale: 1956] |
||
| 300 | _a64 p. | ||
| 310 | _aMENSILE | ||
| 362 | _aFascicolo: 4 / Anno: 31 (1956) | ||
| 500 | _aENCICLICA SULLA MUSICA SACRA. LITURGIA, PUNTI PRATICI PER LA SETTIMANA SANTA, BURI P. SACRAMENTI IN LINGUA ITALIANA, ANGIOLINI D. QUESITI SULLE NUOVE RUBRICHE. CREDO NELLA MESSA DI S. FRANCESCO. MORALE. CORO E MESSA CONVENTUALE, FILOGALO A. SUL DIGIUNO EUCARISTICO. VOTO. PECCATI RIMESSI DAL DOLORE PERFETTO. DIRITTO CANONICO. CULTURA E FORMAZIONE SOCIALE DEL CLERO. | ||
| 501 | _aSocietà San Paolo EM - Piazza San Paolo, 14 - 12051 ALBA (CN) (non commercial uses only) ® Copyright 2017 | ||
| 520 | _aENCICLICA SULLA MUSICA SACRA. LITURGIA, PUNTI PRATICI PER LA SETTIMANA SANTA, BURI P. SACRAMENTI IN LINGUA ITALIANA, ANGIOLINI D. QUESITI SULLE NUOVE RUBRICHE. CREDO NELLA MESSA DI S. FRANCESCO. MORALE. CORO E MESSA CONVENTUALE, FILOGALO A. SUL DIGIUNO EUCARISTICO. VOTO. PECCATI RIMESSI DAL DOLORE PERFETTO. DIRITTO CANONICO. CULTURA E FORMAZIONE SOCIALE DEL CLERO. | ||
| 650 | _aECCLESIOLOGIA | ||
| 942 | _cCR | ||
| 957 | _71 | ||
| 999 |
_a52028 _bNO _g1 _c324244 _d324244 |
||